Khảo sát đặc điểm sinh học của rầy đầu vàng Eoeurysa flavocapitata Muir (Homoptera: Delphacidae) hại mía - Tác động của một số chuẩn nấm ký sinh trên rầy đầu vàng và thiên địch (bọ đuôi kìm) Luận văn Thạc sĩ Khoa học Nông nghiệp. Chuyên ngành: Bảo vệ thực vật
Luận văn trình bày việc ứng dụng chế phẩm sinh học trong phòng trừ gầy đầu vàng gây hại trên mía và ảnh hưởng của các loại chế phẩm này đối với thiên địch (bọ đuôi kìm).
保存先:
| 第一著者: | |
|---|---|
| フォーマット: | 図書 |
| 言語: | Undetermined |
| 出版事項: |
Cần Thơ
Trường Đại học Cần Thơ
2010
|
| 主題: | |
| タグ: |
タグ追加
タグなし, このレコードへの初めてのタグを付けませんか!
|
| Thư viện lưu trữ: | Trung tâm Học liệu Trường Đại học Cần Thơ |
|---|
| LEADER | 01593nam a2200241Ia 4500 | ||
|---|---|---|---|
| 001 | CTU_161683 | ||
| 008 | 210402s9999 xx 000 0 und d | ||
| 082 | |a 632.9 | ||
| 082 | |b Tr121 | ||
| 088 | |a 60620112 | ||
| 100 | |a Trần, Đỗ Huyền Trân | ||
| 245 | 0 | |a Khảo sát đặc điểm sinh học của rầy đầu vàng Eoeurysa flavocapitata Muir (Homoptera: Delphacidae) hại mía - Tác động của một số chuẩn nấm ký sinh trên rầy đầu vàng và thiên địch (bọ đuôi kìm) | |
| 245 | 0 | |b Luận văn Thạc sĩ Khoa học Nông nghiệp. Chuyên ngành: Bảo vệ thực vật | |
| 245 | 0 | |c Trần Đỗ Huyền Trân ; Trần Văn Hai ( Hướng dẫn khoa học) | |
| 260 | |a Cần Thơ | ||
| 260 | |b Trường Đại học Cần Thơ | ||
| 260 | |c 2010 | ||
| 520 | |a Luận văn trình bày việc ứng dụng chế phẩm sinh học trong phòng trừ gầy đầu vàng gây hại trên mía và ảnh hưởng của các loại chế phẩm này đối với thiên địch (bọ đuôi kìm). | ||
| 650 | |a Mushrooms,Biology, Economic,Thuốc trừ sâu,Nấm,Sinh vật học, Kinh tế,Loài gây hại,Động vật học, Kinh tế,Pesticides,Pests,Zoology, Economic | ||
| 650 | |x Diseases and pests,Bệnh và loài gây hại,Kiểm soát,Control | ||
| 650 | |z Việt Nam,Vietnam | ||
| 904 | |i Linh Cát, Trọng Hiếu | ||
| 980 | |a Trung tâm Học liệu Trường Đại học Cần Thơ | ||